| 000 -GUIDE |
| Champ de contrôle de longueur fixe |
01271nam a22002537a 4500 |
| 003 - IDENTITÉ DU NUMÉRO DE CONTRÔLE |
| Champ de contrôle |
BI-BuBU |
| 008 - ÉLÉMENTS DE LONGUEUR FIXE - RENSEIGNEMENTS GÉNÉRAUX |
| Champ de contrôle de longueur fixe |
250513b2023 bd fr|||| 000 0 fre d |
| 037 ## - SOURCE D'ACQUISITION |
| Source d'acquisition et du numéro d'inventaire |
Don de l'auteur |
| 039 ## - NIVEAU DE CONTRÔLE BIBLIOGRAPHIQUE ET HISTORIQUE D'ENCODAGE [OBSOLETE] |
| Date creation |
20250513140314.0 |
| Nom catalographe |
Thacien Mutabazi |
| 040 ## - SOURCE DU CATALOGAGE |
| Organisme qui a effectué le catalogage original |
BI-BuBU |
| Code de la langue utilisée dans le catalogage |
fre |
| Organisme qui a effectué la transcription |
BI-BuBU |
| Organisme qui a effectué la modification |
BI-BuBU |
| 041 0# - CODE DE LANGUE |
| Code de langue du texte/de la piste sonore ou du titre distinct |
fre |
| 080 ## - INDICE DE LA CLASSIFICATION DÉCIMALE UNIVERSELLE (CDU) |
| Indice de la Classification décimale universelle |
681.3 |
| 100 1# - VEDETTE PRINCIPALE - NOM DE PERSONNE |
| Code de relation |
aut. |
| Nom de personne |
Mwetaminwa Muyengo, Blaise |
| 245 10 - MENTION DU TITRE |
| Titre |
Développement d'un système interactif d'aide à la décision en santé publique |
| Reste du titre |
cas du service de surveillance épidémiologique dans les zones de Bagira, Ibanda, kadutu, Nyatende et Nyangezi |
| Mention de responsabilité, etc. |
Blaise Mwetaminwa Muyengo ; Longin Ndayisaba, directeur |
| 260 ## - PUBLICATION, DIFFUSION, ETC. (ADRESSE BIBLIOGRAPHIQUE) |
| Lieu de publication, diffusion, etc. |
Bujumbura |
| Nom de l'éditeur, diffuseur, etc. |
Université du Burundi, Faculté des Sciences de l'Ingénieur |
| Date of publication, distribution, etc |
2023 |
| 300 ## - DESCRIPTION MATÉRIELLE |
| Collation |
XIV-103 f. |
| Dimensions |
30 cm. |
| 502 ## - NOTE DE THÈSE OU MÉMOIRE |
| Note de thèse |
Mémoire présenté à la Faculté des Sciences de l'Ingénieur en vue de l'obtention du grade de master en génie Informatique. |
| 650 #7 - VEDETTE-MATIÈRE - NOM COMMUN |
| Source du terme |
BI-BuBU |
| Vedette de sujet ou vedette comportant un nom géographique |
Système Interactif d'aide à la Décision |
| Subdivision générale |
Développement |
| -- |
santé Publique |
| Subdivision géographique |
Zone de santé ( Bagira, ibanda, Kadutu, Nyatende et Nyangezi) |
| 655 #7 - TERME D'INDEXATION - GENRE OU FORME |
| Source du terme |
BI-BuBU |
| Données ou terme dominant sur le genre ou la forme |
Mémoire |
| 700 1# - VEDETTE SECONDAIRE - NOM DE PERSONNE |
| Code de relation |
dir. |
| Nom d'auteur |
Ndayisaba, Longin |
| 710 1# - VEDETTE SECONDAIRE - NOM DE COLLECTIVITÉ |
| Code de relation |
aut. |
| Nom de la collectivité ou nom de lieu comme élément de classement |
Université du Burundi, Faculté des Sciences de l'Ingénieur |
| 942 ## - ÉLÉMENTS D'ENTRÉE ADDITIONNELLE (KOHA) |
| Source de la classification ou du système de rangement |
|
| Type d item koha |
Memoire |